[Event "Ste-Foy 1 2025-26"]
[Site "Ste-Foy CAN"]
[Date "2025.09.15"]
[Round "2"]
[White "Naderi, Pooya"]
[Black "Savard, Alexandre"]
[Result "0-1"]
[WhiteElo "1334"]
[BlackElo "1753"]
[WhiteFideId "-1"]
[WhiteFideId "-1"]
[PlyCount "108"]
[GameId "2226050915257665"]
[EventDate "2025.09.15"]
[EventType "swiss"]
[EventRounds "5"]
[EventCountry "CAN"]

1. d4 Nf6 2. Nf3 e6 3. e3 b6 4. c4 Bb7 5. Nc3 Be7 6. Be2 O-O 7. O-O Na6 8. Ne5 d6 9. Nd3 c5 10. Bf3 Bxf3 11. Qxf3 Rc8 12. d5 Nb4 13. Rd1 exd5 14. cxd5 Nxd3 15. Rxd3 Nd7 16. Rd1 Ne5 17. Qh3 a6 18. e4 Bf6 19. f4 Nc4 20. Rd3 Re8 21. b3 Na5 22. Qf3 c4 23. Re3 Bd4 24. b4 Nb7 25. Bb2 a5 26. b5 Nc5 27. Nd1 Nd3 28. Bxd4 Nb4 29. Qg4 f6 30. Rg3 g6 31. Nc3 Nd3 32. h4 Kf7 33. f5 Rg8 34. fxg6+ Rxg6 35. Qe6+ Kg7 36. Rxg6+ hxg6 37. Rf1 Ne5 38. Bxe5 fxe5 39. Rf7+ Kh6 40. Qg4 Rc7 41. Qe6 Rxf7 42. Qxf7 Qxh4 43. Na4 Qxe4 44. Nxb6 c3 45. Qf1 Qe3+ 46. Kh1 c2 47. Nc4 Qf4 48. Qxf4+ exf4 49. Nxa5 c1=Q+ 50. Kh2 Qc3 51. Nb7 Qg3+ 52. Kg1 f3 53. Kf1 Qxg2+ 54. Ke1 Qe2# 0-1

[Event "Ste-Foy 1 2025-26"]
[Site "Ste-Foy CAN"]
[Date "2025.09.15"]
[Round "2"]
[White "Poitras, Marc"]
[Black "Blais, Pierre-Luc"]
[Result "1-0"]
[WhiteElo "1275"]
[BlackElo "1446"]
[WhiteFideId "-1"]
[WhiteFideId "-1"]
[PlyCount "55"]
[GameId "2226050915302724"]
[EventDate "2025.09.15"]
[EventType "swiss"]
[EventRounds "5"]
[EventCountry "CAN"]

1. d4 Nf6 2. Bf4 d5 3. c4 c6 4. Nc3 g6 5. Nf3 Bg7 6. e3 O-O 7. cxd5 Nxd5 8. Bg3 Nxc3 9. bxc3 c5 10. Bc4 cxd4 11. cxd4 Nc6 12. h3 Re8 13. O-O Bf5 14. Qb3 e6 15. Qxb7 Na5 16. Qb4 Nxc4 17. Qxc4 Rc8 18. Qe2 Be4 19. Rfc1 Qa5 20. Nd2 Rxc1+ 21. Rxc1 Qxa2 22. Qb5 Qxd2 23. Qxe8+ Bf8 24. Rc8 Qe1+ 25. Kh2 Qb4 26. Qd8 Kg7 27. Be5+ Kh6 28. Qh4# 1-0

[Event "Ste-Foy 1 2025-26"]
[Site "Ste-Foy CAN"]
[Date "2025.09.22"]
[Round "2"]
[White "Fleury, Dominic"]
[Black "Chouinard, Etienne"]
[Result "0-1"]
[WhiteElo "1344"]
[BlackElo "1873"]
[WhiteFideId "-1"]
[WhiteFideId "-1"]
[PlyCount "52"]
[GameId "2226052147482007"]
[EventDate "2025.09.15"]
[EventType "swiss"]
[EventRounds "5"]
[EventCountry "CAN"]
[TimeControl "5400+30"]

1. d4 d5 2. Nf3 Nf6 3. Bf4 e6 4. e3 c5 5. c3 Nc6 6. Bd3 cxd4 7. cxd4 Bd7 8. O-O Rc8 9. Nc3 a6 10. a3 Be7 11. Rc1 Nh5 12. Ne2 Nxf4 13. Nxf4 h5 14. e4 g5 15. exd5 gxf4 16. dxc6 Bxc6 17. Be2 Rg8 18. Ne5 Bxg2 19. Bxh5 Bf3+ 20. Bg4 Bxd1 21. Rfxd1 f6 22. Kf1 fxe5 23. Bxe6 Rxc1 24. Rxc1 Rg6 25. Rc8 Rxe6 26. Rxd8+ Kxd8 0-1

[Event "Ste-Foy 1 2025-26"]
[Site "Ste-Foy CAN"]
[Date "2025.09.22"]
[Round "2"]
[White "Houde, Louis-Thomas"]
[Black "Dessureault, Sylvain"]
[Result "1-0"]
[WhiteElo "1493"]
[BlackElo "1114"]
[WhiteFideId "-1"]
[WhiteFideId "-1"]
[PlyCount "93"]
[GameId "2226052262333859"]
[EventDate "2025.09.15"]
[EventType "swiss"]
[EventRounds "5"]
[EventCountry "CAN"]
[TimeControl "5400+30"]

1. e4 e6 2. d4 d5 3. exd5 exd5 4. Nf3 Nf6 5. Bd3 Be6 6. O-O Bd6 7. Bg5 Nbd7 8. Re1 O-O 9. Ne5 Be7 10. Nxd7 Qxd7 11. h3 h6 12. Bf4 c5 13. dxc5 Bxc5 14. Be3 Bd6 15. a4 Bf5 16. Nc3 Bb4 17. Bxf5 Qxf5 18. Bd2 Bc5 19. Rf1 Rfd8 20. Ne2 d4 21. Ng3 Qg6 22. b4 Bb6 23. Ra2 Rac8 24. Qb1 Bc7 25. Ne2 Qe4 26. Re1 Qf5 27. Qb2 Qd7 28. Rd1 Ne4 29. Be1 Be5 30. Ra3 Qe6 31. Nxd4 Bxd4 32. Rxd4 Rxd4 33. Qxd4 Nd6 34. Bc3 Nf5 35. Qd2 Ne7 36. Ra1 Qc4 37. Re1 Nd5 38. Bd4 Qxb4 39. Qxb4 Nxb4 40. Bxa7 Rxc2 41. a5 Ra2 42. Bd4 Rxa5 43. Bc3 Ra4 44. Re4 Nd5 45. Rxa4 Nxc3 46. Rb4 b5 47. Rb3 1-0

[Event "Ste-Foy 1 2025-26"]
[Site "Ste-Foy CAN"]
[Date "2025.09.22"]
[Round "2"]
[White "Lescarbeau, Martin"]
[Black "Wafer, Jacques"]
[Result "1-0"]
[WhiteElo "1741"]
[BlackElo "1322"]
[WhiteFideId "-1"]
[WhiteFideId "-1"]
[PlyCount "37"]
[GameId "2226051956055423"]
[EventDate "2025.09.15"]
[EventType "swiss"]
[EventRounds "5"]
[EventCountry "CAN"]
[TimeControl "5400+30"]

1. e4 c6 2. d4 d5 3. e5 Bf5 4. h4 h6 5. g4 Bh7 6. e6 f6 7. Bd3 g6 8. h5 g5 9. f4 Qd6 10. f5 c5 11. dxc5 Qxc5 12. Nc3 Nc6 13. Nf3 Ne5 14. Bb5+ Nc6 15. Qxd5 Qxd5 16. Nxd5 Kd8 17. Be3 Ne5 18. Nxe5 fxe5 19. O-O-O 1-0

[Event "Ste-Foy 1 2025-26"]
[Site "Ste-Foy CAN"]
[Date "2025.09.15"]
[Round "3"]
[White "Yergeau, Samuel"]
[Black "Belanger, Mathieu-Olivier"]
[Result "0-1"]
[WhiteElo "1404"]
[BlackElo "1926"]
[WhiteFideId "-1"]
[WhiteFideId "-1"]
[PlyCount "50"]
[GameId "2228873078686780"]
[EventDate "2025.09.15"]
[EventType "swiss"]
[EventRounds "5"]
[EventCountry "CAN"]

1. e4 e5 2. Nf3 Nc6 3. Bc4 Be7 4. d3 Nf6 5. c3 d6 6. Be3 O-O 7. Nbd2 Na5 8. Bb5 c6 9. Ba4 b5 10. Bc2 c5 11. d4 Qc7 12. d5 h6 13. Rc1 Nh7 14. b4 Nb7 15. h3 f5 16. exf5 Bxf5 17. Ne4 c4 18. O-O Qd7 19. Ng3 Bxc2 20. Qxc2 Nd8 21. Nh5 Qe8 22. Ng3 Qf7 23. Rcd1 Kh8 24. Ne4 Qg6 25. Rd2 Rxf3 0-1

[Event "Ste-Foy 1 2025-26"]
[Site "Ste-Foy CAN"]
[Date "2025.09.15"]
[Round "3"]
[White "Savard, Alexandre"]
[Black "Cantin, Guillaume"]
[Result "1/2-1/2"]
[WhiteElo "1753"]
[BlackElo "1306"]
[WhiteFideId "-1"]
[WhiteFideId "-1"]
[PlyCount "66"]
[GameId "2228873078719549"]
[EventDate "2025.09.15"]
[EventType "swiss"]
[EventRounds "5"]
[EventCountry "CAN"]

1. c4 e6 2. g3 c5 3. Bg2 g6 4. Nc3 Bg7 5. e4 Nc6 6. Nge2 Nge7 7. d3 e5 8. Be3 Nd4 9. Qd2 d6 10. f4 f5 11. fxe5 dxe5 12. O-O O-O 13. Bg5 Bf6 14. Nxd4 Bxg5 15. Qxg5 Qxd4+ 16. Kh1 Qd8 17. Na4 Qc7 18. Qe3 b6 19. exf5 Nxf5 20. Rxf5 Bxf5 21. Bxa8 Rxa8 22. Nc3 Qd6 23. Nd5 Be6 24. Nf6+ Kg7 25. Ne4 Qd4 26. Qxd4 exd4 27. Kg2 Rf8 28. h3 Bf5 29. Nf2 Re8 30. g4 Bd7 31. Ne4 Bc6 32. Kf3 Bxe4+ 33. dxe4 Kf6 1/2-1/2

[Event "Ste-Foy 1 2025-26"]
[Site "Ste-Foy CAN"]
[Date "2025.09.15"]
[Round "3"]
[White "Poitras, Marc"]
[Black "Lescarbeau, Martin"]
[Result "0-1"]
[WhiteElo "1275"]
[BlackElo "1741"]
[WhiteFideId "-1"]
[WhiteFideId "-1"]
[PlyCount "46"]
[GameId "2228873078727742"]
[EventDate "2025.09.15"]
[EventType "swiss"]
[EventRounds "5"]
[EventCountry "CAN"]

1. d4 d5 2. c4 e5 3. Nc3 exd4 4. Qxd4 Nc6 5. Qe3+ Be6 6. Nxd5 Nf6 7. Nf4 Nb4 8. Qb3 Bf5 9. Nd3 Nxd3+ 10. exd3 Bc5 11. Bg5 Bxf2+ 12. Kd1 Bxg1 13. Qb5+ Bd7 14. Qe5+ Be6 15. Bxf6 gxf6 16. Qb5+ c6 17. Qxb7 O-O 18. Qxc6 Qd4 19. Rb1 Bg4+ 20. Kc2 Rac8 21. Qe4 Rxc4+ 22. Kd2 Qf2+ 23. Be2 Rxe4 0-1

[Event "Ste-Foy 1 2025-26"]
[Site "Ste-Foy CAN"]
[Date "2025.09.15"]
[Round "3"]
[White "Tremblay, Charles"]
[Black "Barrera, Eduardo"]
[Result "0-1"]
[WhiteElo "1512"]
[BlackElo "1934"]
[WhiteFideId "-1"]
[WhiteFideId "-1"]
[PlyCount "52"]
[GameId "2228873078735936"]
[EventDate "2025.09.15"]
[EventType "swiss"]
[EventRounds "5"]
[EventCountry "CAN"]

1. d4 d5 2. Bf4 Nf6 3. e3 c5 4. Nf3 Nc6 5. Be2 Qb6 6. b3 Ne4 7. O-O h6 8. dxc5 Qxc5 9. c4 g5 10. Be5 Nxe5 11. Nxe5 dxc4 12. Nxf7 Kxf7 13. Bxc4+ e6 14. Qf3+ Nf6 15. Nc3 Qe5 16. Ne2 Bd6 17. g3 g4 18. Qg2 Ne4 19. f4 gxf3 20. Qxf3+ Nf6 21. Nd4 Ke7 22. Rad1 Rf8 23. Qf4 Qxf4 24. exf4 Bc5 25. Kg2 Bd7 26. Nf3 Ng4 0-1

[Event "Ste-Foy 1 2025-26"]
[Site "Ste-Foy CAN"]
[Date "2025.09.15"]
[Round "3"]
[White "Chouinard, Etienne"]
[Black "Breton, Sylvain"]
[Result "1-0"]
[WhiteElo "1873"]
[BlackElo "1229"]
[WhiteFideId "-1"]
[WhiteFideId "-1"]
[PlyCount "69"]
[GameId "2228873078752321"]
[EventDate "2025.09.15"]
[EventType "swiss"]
[EventRounds "5"]
[EventCountry "CAN"]

1. d4 d5 2. c4 e6 3. Nc3 Nf6 4. Nf3 c5 5. e3 cxd4 6. Nxd4 Bb4 7. Bd2 Bxc3 8. Bxc3 e5 9. Nf3 Nc6 10. Nxe5 Be6 11. Qa4 Bd7 12. Nxd7 Kxd7 13. Bxf6 Qxf6 14. cxd5 Qxb2 15. dxc6+ bxc6 16. Qd4+ Qxd4 17. exd4 Rhe8+ 18. Kd2 Rab8 19. Kc3 Re6 20. Bd3 Rbe8 21. Bf5 g6 22. Bxe6+ Rxe6 23. Rhe1 Rf6 24. Re2 Kd6 25. Rb1 a5 26. f3 h5 27. Rb6 Kc7 28. Ra6 Rf5 29. Re5 Rf4 30. Raxa5 f6 31. Re4 Rxe4 32. fxe4 Kd6 33. h4 f5 34. exf5 gxf5 35. Rxf5 1-0

[Event "Ste-Foy 1 2025-26"]
[Site "Ste-Foy CAN"]
[Date "2025.09.29"]
[Round "3"]
[White "Page-Fortin, Mathieu"]
[Black "Andriantsolofonirina, Fabrice"]
[Result "1-0"]
[WhiteElo "1953"]
[BlackElo "1221"]
[WhiteFideId "-1"]
[WhiteFideId "-1"]
[PlyCount "83"]
[GameId "2228873182889091"]
[EventDate "2025.09.15"]
[EventType "swiss"]
[EventRounds "5"]
[EventCountry "CAN"]
[TimeControl "5400+30"]

1. b3 d6 2. Bb2 e5 3. e3 Nf6 4. c4 Nbd7 5. Nc3 c6 6. Rc1 a5 7. d4 e4 8. f3 d5 9. cxd5 cxd5 10. fxe4 dxe4 11. Qc2 Bb4 12. Nge2 O-O 13. a3 Bxc3+ 14. Nxc3 Re8 15. Bb5 Qc7 16. Qe2 Qd6 17. O-O Re7 18. Na4 Nb6 19. Nxb6 Qxb6 20. a4 Be6 21. Ba3 Rc7 22. Bc5 Rxc5 23. dxc5 Qc7 24. Bc4 Re8 25. Qf2 Nd5 26. Rfd1 Nb4 27. Qf4 Qc8 28. Bb5 Nc6 29. Bc4 Nb4 30. Qd6 Nd3 31. Bxd3 Rd8 32. Qb6 exd3 33. Qxa5 Bxb3 34. Rd2 Bc2 35. Rcxc2 h6 36. Rc3 Kh7 37. Rdxd3 Re8 38. Qb5 Re5 39. Rd7 Qe8 40. Qd3+ g6 41. Rxb7 Rg5 42. Qd7 1-0

[Event "Ste-Foy 1 2025-26"]
[Site "Ste-Foy CAN"]
[Date "2025.09.29"]
[Round "3"]
[White "Lamini, Cedric"]
[Black "Deschenes, Andre-Philippe"]
[Result "1-0"]
[WhiteElo "1614"]
[BlackElo "1194"]
[WhiteFideId "-1"]
[WhiteFideId "-1"]
[PlyCount "181"]
[GameId "2228873254388879"]
[EventDate "2025.09.15"]
[EventType "swiss"]
[EventRounds "5"]
[EventCountry "CAN"]
[TimeControl "5400+30"]

1. d4 e6 2. Nf3 d5 3. c4 Nf6 4. g3 c5 5. Bg2 cxd4 6. O-O Nc6 7. Qc2 Bc5 8. Nbd2 Nb4 9. Qb3 O-O 10. a3 Nc6 11. Qc2 b6 12. b4 Be7 13. b5 Na5 14. Nxd4 Qc7 15. N4b3 Nb7 16. Bb2 e5 17. Rac1 d4 18. Ne4 Rb8 19. f4 Ng4 20. Qd3 Ne3 21. Rf2 Nxg2 22. Kxg2 Nc5 23. Nbxc5 bxc5 24. fxe5 Bb7 25. Kg1 Qxe5 26. Nd2 Bg5 27. Rcf1 Be3 28. Bc1 Bxf2+ 29. Rxf2 Rbd8 30. Nb3 Rfe8 31. Bf4 Qe4 32. Qxe4 Rxe4 33. Nxc5 Re7 34. Nb3 Red7 35. c5 Rd5 36. a4 d3 37. e4 Rh5 38. c6 Ba8 39. Na5 g5 40. Be3 g4 41. Rd2 a6 42. Bb6 Rc8 43. Rxd3 axb5 44. Rd8+ Rxd8 45. Bxd8 Bxc6 46. Nxc6 bxa4 47. Bf6 a3 48. Ne7+ Kf8 49. Nf5 Ke8 50. Ng7+ Kd7 51. Nxh5 Kc6 52. Kf2 Kc5 53. Be7+ Kd4 54. Bxa3 Kxe4 55. Nf6+ Kf5 56. Nxh7 Kg6 57. Nf8+ Kf6 58. Ke3 Ke5 59. Bb2+ Kf5 60. Nd7 Kg6 61. Kf4 Kh5 62. Nf6+ Kg6 63. Nxg4 Kh5 64. Nf6+ Kg6 65. h4 Kg7 66. h5 Kh6 67. g4 Kg7 68. g5 Kh8 69. Ng8+ Kh7 70. Nf6+ Kh8 71. Ng4+ Kh7 72. Bc1 Kg8 73. Kf5 Kh7 74. g6+ fxg6+ 75. hxg6+ Kh8 76. Bb2+ Kg8 77. Nh6+ Kf8 78. g7+ Ke7 79. g8=Q Kd6 80. Qe6+ Kc7 81. Be5+ Kb7 82. Qd7+ Kb6 83. Bd4+ Ka6 84. Qa7+ Kb5 85. Qb6+ Kc4 86. Qc5+ Kd3 87. Qc3+ Ke2 88. Qe3+ Kd1 89. Qf2 Kc1 90. Bc3 Kd1 91. Qd2# 1-0

[Event "Ste-Foy 1 2025-26"]
[Site "Ste-Foy CAN"]
[Date "2025.09.29"]
[Round "3"]
[White "Couture, Francois"]
[Black "Houde, Louis-Thomas"]
[Result "1-0"]
[WhiteElo "1150"]
[BlackElo "1493"]
[WhiteFideId "-1"]
[WhiteFideId "-1"]
[PlyCount "149"]
[GameId "2228873344656539"]
[EventDate "2025.09.15"]
[EventType "swiss"]
[EventRounds "5"]
[EventCountry "CAN"]
[TimeControl "5400+30"]

1. d4 c6 2. c4 d5 3. Nf3 Nf6 4. Nc3 Bg4 5. e3 Nbd7 6. Bd3 e5 7. dxe5 Nxe5 8. Be2 Nxc4 9. Bxc4 dxc4 10. Qxd8+ Rxd8 11. Ne5 Be6 12. O-O Bd6 13. f4 O-O 14. Rd1 Bxe5 15. Rxd8 Rxd8 16. fxe5 Ng4 17. e4 Nxe5 18. Bf4 Ng6 19. Be3 a5 20. Bb6 Ra8 21. Na4 Ra6 22. Rd1 h6 23. Rd8+ Kh7 24. Rb8 Ne5 25. Rxb7 Nd3 26. Bd4 Nc1 27. Nc5 Ra8 28. Nxe6 Kg8 29. Nf4 g5 30. Be3 Nxa2 31. Ne2 Re8 32. Nc3 Nxc3 33. bxc3 Ra8 34. Bc5 a4 35. Ba3 Ra6 36. Rb4 Kg7 37. Rxc4 Kf6 38. Rc5 Ke6 39. g4 f6 40. Kg2 Kf7 41. Kf3 Ke6 42. Ke3 Kd7 43. Kd4 Ra8 44. Rf5 Ke6 45. c4 Rd8+ 46. Kc3 Rb8 47. Bb4 Ra8 48. Rc5 Ra6 49. Kb2 Kf7 50. Ka3 Kg6 51. Bc3 h5 52. gxh5+ Kxh5 53. Bxf6 Ra8 54. Rxg5+ Kh6 55. Rc5 Rg8 56. Rxc6 Kh5 57. e5 Rg1 58. Kxa4 Re1 59. e6 Kg6 60. e7 Kf7 61. h4 Ra1+ 62. Kb3 Ra8 63. h5 Rb8+ 64. Kc3 Re8 65. Kd4 Kg8 66. Rd6 Kf7 67. Rd8 Kxf6 68. Rxe8 Kf7 69. Rd8 Kxe7 70. Rd5 Kf7 71. c5 Kg7 72. c6 Kh6 73. c7 Kh7 74. c8=Q Kh6 75. Qe6+ 1-0

[Event "Ste-Foy 1 2025-26"]
[Site "Ste-Foy CAN"]
[Date "2025.09.29"]
[Round "3"]
[White "Blais, Pierre-Luc"]
[Black "Boudreault, Alexandre"]
[Result "0-1"]
[WhiteElo "1446"]
[BlackElo "1074"]
[WhiteFideId "-1"]
[WhiteFideId "-1"]
[PlyCount "78"]
[GameId "2228873414739111"]
[EventDate "2025.09.15"]
[EventType "swiss"]
[EventRounds "5"]
[EventCountry "CAN"]
[TimeControl "5400+30"]

1. d4 d5 2. c4 e6 3. Nf3 Nf6 4. Nc3 Be7 5. Bg5 h6 6. Bh4 O-O 7. e3 b6 8. Bd3 dxc4 9. Bxc4 Bb7 10. O-O Nbd7 11. Rc1 Rc8 12. h3 Ne4 13. Bxe7 Qxe7 14. Bd3 Nef6 15. Nb5 Ra8 16. Rxc7 Rfb8 17. Ne5 a6 18. Nc3 Qd6 19. Rc4 b5 20. Nxb5 axb5 21. Rc3 Nxe5 22. dxe5 Qxe5 23. a3 Rd8 24. Qb3 Rdb8 25. Rfc1 Qd5 26. f3 Qxb3 27. Rxb3 Rc8 28. Rd1 Rd8 29. Rc1 Ba6 30. Rc6 Rdc8 31. Rb6 Nd5 32. Rd6 Kf8 33. Bxb5 Bxb5 34. Rxb5 Rcb8 35. Rc5 Rc8 36. Rb5 Rc7 37. e4 Ke7 38. Rdxd5 exd5 39. Rxd5 Rb8 0-1

[Event "Ste-Foy 1 2025-26"]
[Site "Ste-Foy CAN"]
[Date "2025.09.29"]
[Round "3"]
[White "Caron-Ouellette, Charles"]
[Black "Lebel, Michel"]
[Result "1-0"]
[WhiteElo "1380"]
[BlackElo "1064"]
[WhiteFideId "-1"]
[WhiteFideId "-1"]
[PlyCount "29"]
[GameId "2228873502065843"]
[EventDate "2025.09.15"]
[EventType "swiss"]
[EventRounds "5"]
[EventCountry "CAN"]
[TimeControl "5400+30"]

1. e4 e6 2. Nf3 d5 3. Nc3 Bb4 4. a3 Bxc3 5. dxc3 Nc6 6. e5 Nge7 7. Bd3 O-O 8. Bxh7+ Kxh7 9. Ng5+ Kg8 10. Qh5 Re8 11. Qh7+ Kf8 12. Qh8+ Ng8 13. Nh7+ Ke7 14. Bg5+ f6 15. Qxg7# 1-0

[Event "Ste-Foy 1 2025-26"]
[Site "Ste-Foy CAN"]
[Date "2025.09.29"]
[Round "3"]
[White "Dionne, Frederick"]
[Black "Taran, Maksim"]
[Result "1-0"]
[WhiteElo "1353"]
[BlackElo "989"]
[WhiteFideId "-1"]
[WhiteFideId "-1"]
[PlyCount "115"]
[GameId "2228873573463231"]
[EventDate "2025.09.15"]
[EventType "swiss"]
[EventRounds "5"]
[EventCountry "CAN"]
[TimeControl "5400+30"]

1. e4 e6 2. b3 d5 3. Bb2 Ne7 4. d4 Ng6 5. Nc3 Bb4 6. Qe2 Nc6 7. O-O-O Qe7 8. exd5 exd5 9. Nxd5 Qxe2 10. Bxe2 Bd6 11. c4 Nge7 12. Nxe7 Bxe7 13. Bf3 Bf5 14. Bxc6+ bxc6 15. Re1 Be6 16. Nf3 O-O 17. d5 Bb4 18. Re4 Bd7 19. Ne5 Rfe8 20. a3 Bd6 21. Rhe1 Bf5 22. Rf4 g6 23. g4 Bxg4 24. Rxg4 f6 25. Nf3 f5 26. Rxe8+ Rxe8 27. Rd4 Bc5 28. Rd2 Bd6 29. dxc6 Bf4 30. Nd4 Bxd2+ 31. Kxd2 Rd8 32. Ke3 Re8+ 33. Kf3 a6 34. b4 Kf7 35. Kf4 h6 36. f3 Kf6 37. Nb5+ Kf7 38. Nxc7 Rc8 39. Be5 Ke7 40. b5 axb5 41. cxb5 h5 42. b6 Kf7 43. b7 Rb8 44. Nb5 Re8 45. b8=Q Rxb8 46. Bxb8 Kf6 47. c7 g5+ 48. Kg3 h4+ 49. Kg2 g4 50. c8=Q h3+ 51. Kg3 Kg5 52. f4+ Kg6 53. Qe6+ Kh5 54. Qxf5+ Kh6 55. Qg5+ Kh7 56. f5 Kh8 57. Be5+ Kh7 58. Qg6# 1-0

[Event "Ste-Foy 1 2025-26"]
[Site "Ste-Foy CAN"]
[Date "2025.09.15"]
[Round "4"]
[White "Belanger, Mathieu-Olivier"]
[Black "Lescarbeau, Martin"]
[Result "1-0"]
[WhiteElo "1926"]
[BlackElo "1741"]
[WhiteFideId "-1"]
[WhiteFideId "-1"]
[PlyCount "63"]
[GameId "2231013675196346"]
[EventDate "2025.09.15"]
[EventType "swiss"]
[EventRounds "5"]
[EventCountry "CAN"]

1. d4 d5 2. c4 e5 3. dxe5 d4 4. Nf3 Nc6 5. Nbd2 Nge7 6. Nb3 Ng6 7. Nbxd4 Ncxe5 8. Nxe5 Nxe5 9. e3 c5 10. Nb5 Qxd1+ 11. Kxd1 Bg4+ 12. f3 O-O-O+ 13. Ke1 Be6 14. Nxa7+ Kb8 15. Nb5 Nxc4 16. b3 Nd6 17. Bb2 Nxb5 18. Bxb5 c4 19. Be5+ Kc8 20. bxc4 Rd3 21. Ke2 Rd8 22. Rhd1 Bc5 23. Rxd8+ Rxd8 24. Rd1 Rf8 25. Bd4 Bd6 26. Bxg7 Rg8 27. Rxd6 Rxg7 28. g3 Rg6 29. Rd4 Kc7 30. f4 Kb6 31. a4 Kc5 32. f5 1-0

[Event "Ste-Foy 1 2025-26"]
[Site "Ste-Foy CAN"]
[Date "2025.09.15"]
[Round "4"]
[White "Barrera, Eduardo"]
[Black "Savard, Alexandre"]
[Result "0-1"]
[WhiteElo "1934"]
[BlackElo "1753"]
[WhiteFideId "-1"]
[WhiteFideId "-1"]
[PlyCount "75"]
[GameId "2231013675274171"]
[EventDate "2025.09.15"]
[EventType "swiss"]
[EventRounds "5"]
[EventCountry "CAN"]

1. e4 c6 2. d4 d5 3. e5 Bf5 4. Nf3 e6 5. Be2 Nd7 6. O-O h6 7. c3 g5 8. a4 a5 9. Ne1 Ne7 10. Na3 b6 11. Be3 Bg6 12. c4 Bg7 13. Rc1 O-O 14. cxd5 exd5 15. Bh5 Rc8 16. Nd3 f6 17. f4 Qe8 18. Bg4 Nf5 19. Nc2 fxe5 20. fxe5 c5 21. Qf3 Ne7 22. Qh3 Rc7 23. Be6+ Kh8 24. Nf2 cxd4 25. Nxd4 Rxc1 26. Rxc1 Nxe5 27. Bxg5 Rxf2 28. Bxe7 Qxe7 29. Bf5 Rf4 30. Rc8+ Kh7 31. Be6 Nf7 32. Nf3 Re4 33. Bf5 Re1+ 34. Kf2 Qe3+ 35. Kg3 Be5+ 36. Kh4 Qf4+ 37. Qg4 Bf6+ 38. Kh3 0-1

[Event "Ste-Foy 1 2025-26"]
[Site "Ste-Foy CAN"]
[Date "2025.09.15"]
[Round "4"]
[White "Cantin, Guillaume"]
[Black "Page-Fortin, Mathieu"]
[Result "0-1"]
[WhiteElo "1306"]
[BlackElo "1953"]
[WhiteFideId "-1"]
[WhiteFideId "-1"]
[PlyCount "40"]
[GameId "2231013675306941"]
[EventDate "2025.09.15"]
[EventType "swiss"]
[EventRounds "5"]
[EventCountry "CAN"]

1. d4 e6 2. c4 f5 3. Nf3 Nf6 4. g3 d5 5. cxd5 exd5 6. Nc3 c6 7. Bg2 Bd6 8. O-O Nbd7 9. Qc2 Ne4 10. Nxe4 fxe4 11. Nd2 O-O 12. Nb3 Qe7 13. Be3 Nf6 14. h3 Bf5 15. Rac1 Qd7 16. h4 Ng4 17. Nc5 Nxe3 18. Nxd7 Nxc2 19. Nxf8 Nxd4 20. Rfe1 Bb4 0-1

[Event "Ste-Foy 1 2025-26"]
[Site "Ste-Foy CAN"]
[Date "2025.09.15"]
[Round "4"]
[White "Couture, Francois"]
[Black "Lamini, Cedric"]
[Result "0-1"]
[WhiteElo "1150"]
[BlackElo "1614"]
[WhiteFideId "-1"]
[WhiteFideId "-1"]
[PlyCount "108"]
[GameId "2231013675306942"]
[EventDate "2025.09.15"]
[EventType "swiss"]
[EventRounds "5"]
[EventCountry "CAN"]

1. d4 d5 2. c4 dxc4 3. Nc3 a6 4. e4 b5 5. Nf3 Bg4 6. Be2 e6 7. O-O Be7 8. Bf4 Nf6 9. Re1 O-O 10. Ne5 Bxe2 11. Rxe2 Nfd7 12. d5 Nxe5 13. Bxe5 f6 14. Bg3 e5 15. b3 b4 16. Na4 c3 17. Qd3 Qd7 18. Qc4 Kh8 19. Nc5 Bxc5 20. Qxc5 Qd6 21. Qxd6 cxd6 22. a3 bxa3 23. Rxa3 Rc8 24. Rc2 a5 25. f3 Nd7 26. Be1 Nb6 27. Rxc3 Rc5 28. Rxc5 dxc5 29. Bf2 Nd7 30. Be1 Kg8 31. Rxa5 Rxa5 32. Bxa5 Kf7 33. b4 cxb4 34. Bxb4 g6 35. Kf2 Ke8 36. Ke3 Kd8 37. Bd6 Nb6 38. Bc5 Nd7 39. Bd6 Nb6 40. Kd3 g5 41. g4 Ke8 42. Kc3 Na4+ 43. Kb4 Nb2 44. Kc3 Na4+ 45. Kb3 Nb6 46. Kb4 Nc8 47. Kc5 Kd7 48. Bb8 Ne7 49. Bd6 Ng6 50. Bb8 Nh4 51. Bd6 Nxf3 52. Bf8 Nxh2 53. Bg7 Nxg4 54. Bxf6 Nxf6 0-1

[Event "Ste-Foy 1 2025-26"]
[Site "Ste-Foy CAN"]
[Date "2025.10.06"]
[Round "4"]
[White "Boudreault, Alexandre"]
[Black "Caron-Ouellette, Charles"]
[Result "1-0"]
[WhiteElo "1074"]
[BlackElo "1380"]
[WhiteFideId "-1"]
[WhiteFideId "-1"]
[PlyCount "107"]
[GameId "2231013800394749"]
[EventDate "2025.09.15"]
[EventType "swiss"]
[EventRounds "5"]
[EventCountry "CAN"]
[TimeControl "5400+30"]

1. e4 d5 2. exd5 Qxd5 3. Nc3 Qa5 4. d4 c6 5. Nf3 Bg4 6. Be2 Nf6 7. O-O e6 8. Bd2 Qc7 9. h3 Bh5 10. Ne5 Bxe2 11. Qxe2 Bd6 12. Rfe1 Nbd7 13. Rad1 O-O 14. a3 Nb6 15. Bg5 Nfd5 16. Bd2 Nxc3 17. Bxc3 Nd5 18. Bd2 Qb6 19. Nd7 Qxb2 20. Nxf8 Rxf8 21. c4 Nf6 22. Bb4 Qxe2 23. Rxe2 Bxb4 24. axb4 Rd8 25. f3 h6 26. Kf2 b6 27. Red2 g5 28. Kg3 Kg7 29. Kf2 Kg6 30. g4 Kg7 31. Ke3 Kf8 32. Ra1 Rd7 33. Rda2 Ke8 34. Rxa7 Rxa7 35. Rxa7 Nd7 36. Ke4 h5 37. b5 c5 38. Ke3 hxg4 39. fxg4 f5 40. gxf5 cxd4+ 41. Kxd4 exf5 42. Kd5 f4 43. Ke6 Nc5+ 44. Kf5 f3 45. Ra1 Nb3 46. Rf1 Nd2 47. Rf2 Nxc4 48. Kxg5 Nd6 49. Rxf3 Nxb5 50. Rf6 Nc7 51. Rxb6 Nd5 52. Rb7 Kf8 53. h4 Ne7 54. Kf6 1-0

[Event "Ste-Foy 1 2025-26"]
[Site "Ste-Foy CAN"]
[Date "2025.10.06"]
[Round "4"]
[White "Fillion, Jean-Yves"]
[Black "Breton, Sylvain"]
[Result "0-1"]
[WhiteElo "1371"]
[BlackElo "1229"]
[WhiteFideId "-1"]
[WhiteFideId "-1"]
[PlyCount "84"]
[GameId "2231014051094561"]
[EventDate "2025.09.15"]
[EventType "swiss"]
[EventRounds "5"]
[EventCountry "CAN"]
[TimeControl "5400+30"]

1. d4 c5 2. e3 cxd4 3. exd4 d5 4. Nf3 a6 5. g3 Bg4 6. Bg2 e6 7. Nc3 Nc6 8. Be3 Bb4 9. O-O Qf6 10. a3 Ba5 11. Na4 e5 12. c3 e4 13. Bg5 Qf5 14. Re1 Bxf3 15. Bxf3 Qxg5 16. b4 Bc7 17. Nc5 b6 18. Nb3 Nge7 19. Bg2 O-O 20. h4 Qg6 21. Bh3 Bxg3 22. Qg4 Qxg4 23. Bxg4 Bxh4 24. Re3 f5 25. Bh3 f4 26. Be6+ Kh8 27. Rh3 Ng6 28. Bxd5 Rf6 29. Bxe4 Re8 30. f3 Nce7 31. d5 Nf5 32. Rd1 Nd6 33. Nd2 b5 34. Kh1 Nxe4 35. Nxe4 Rf5 36. d6 Rd8 37. Nc5 Bf6 38. d7 Ne5 39. Kg2 Be7 40. Rd5 Rg5+ 41. Kf2 Bxc5+ 42. Rxc5 Nd3+ 0-1

[Event "Ste-Foy 1 2025-26"]
[Site "Ste-Foy CAN"]
[Date "2025.10.06"]
[Round "4"]
[White "Naderi, Pooya"]
[Black "Dessureault, Sylvain"]
[Result "0-1"]
[WhiteElo "1334"]
[BlackElo "1114"]
[WhiteFideId "-1"]
[WhiteFideId "-1"]
[PlyCount "44"]
[GameId "2231014128508973"]
[EventDate "2025.09.15"]
[EventType "swiss"]
[EventRounds "5"]
[EventCountry "CAN"]
[TimeControl "5400+30"]

1. d4 g6 2. Nf3 Bg7 3. Bf4 d6 4. e3 Nf6 5. Nbd2 O-O 6. Bd3 Bg4 7. h3 Bxf3 8. Qxf3 Qc8 9. Ne4 Nbd7 10. g4 Ne8 11. Qg3 c5 12. c3 c4 13. Bc2 Qc6 14. g5 e5 15. dxe5 dxe5 16. Bxe5 Nxe5 17. O-O-O Nd3+ 18. Bxd3 cxd3 19. Rxd3 Qxe4 20. Rdd1 Rc8 21. h4 Bxc3 22. bxc3 Rxc3+ 0-1